Improving Regulatory Governance Trends, Practices and the Way Forward
Salvato in:
| Natura: | Libro |
|---|---|
| Lingua: | inglese |
| Pubblicazione: |
Paris
OECD/Korea Development Institute
2017
|
| Soggetti: | |
| Tags: |
Nessun Tag, puoi essere il primo ad aggiungerne!!
|
MARC
| LEADER | 00000nam a2200000 4500 | ||
|---|---|---|---|
| 001 | 0241013 | ||
| 005 | 20240314123030.7 | ||
| 020 | |a 978-92-64-27984-1 | ||
| 041 | 0 | |a eng | |
| 044 | |a FR | ||
| 245 | 1 | 0 | |a Improving Regulatory Governance |b Trends, Practices and the Way Forward |
| 264 | 1 | |a Paris |b OECD/Korea Development Institute |c 2017 | |
| 300 | |a 324 s. | ||
| 610 | 2 | 0 | |a regulácia |
| 610 | 2 | 0 | |a kvalita |
| 610 | 2 | 0 | |a dozor |
| 610 | 2 | 0 | |a ukazovatele |
| 610 | 2 | 0 | |a porovnanie medzinárodné |
| 610 | 2 | 0 | |a Kanada |
| 610 | 2 | 0 | |a Kórea |
| 610 | 2 | 0 | |a Spojené kráľovstvo |